Statistics for ALL Historic Cities of Switzerland on a Map

Click here to take the quiz!

General Stats

  • This quiz has been taken 602 times
  • The average score is 27 of 154

Answers on the Map

Answers color-coded by a green-red scale on the quiz's map according to % correct below.
 

Answer Stats

Pop.CantonCity% Correct
134,591BEBern
99%
420,217ZHZürich
98%
203,951GEGeneva
96%
173,232BSBasel
84%
139,408VDLausanne
76%
82,257LULucerne
70%
62,615TILugano
62%
76,090SGSt. Gallen
61%
33,493NENeuchâtel
53%
38,197FRFribourg
48%
113,173ZHWinterthur
47%
55,602BEBiel/Bienne
45%
30,618ZGZug
45%
35,470GRChur
44%
36,604SHSchaffhausen
42%
34,710VSSion
42%
43,632BEThun
39%
15,776TILocarno
38%
43,279TIBellinzona
37%
16,933SOSolothurn
35%
15,239SZSchwyz
33%
21,773AGAarau
31%
5,778AIAppenzell
30%
21,452VDNyon
29%
12,511GLGlarus
26%
19,824VDVevey
26%
30,156VDYverdon-les-Bains
26%
13,058VSBrig
25%
37,494NELa Chaux-de-Fonds
25%
12,566JUDelémont
24%
25,781TGFrauenfeld
24%
27,277SGRapperswil
23%
9,537URAltdorf
22%
19,547AGBaden
22%
14,391BLLiestal
21%
18,297VSMartigny
21%
18,399SOOlten
21%
24,159SGWil
21%
7,978VSVisp
20%
10,458OWSarnen
19%
16,842VSSierre
19%
12,870BESpiez
19%
8,254NWStans
19%
23,871FRBulle
17%
15,844VDMorges
17%
8,259FRMurten
17%
10,197VDAigle
15%
16,587BEBurgdorf
15%
2,212FRGruyères
15%
6,563JUPorrentruy
15%
6,200SGSargans
15%
14,796TGArbon
14%
21,372ZHBülach
14%
15,644BELangenthal
14%
17,894VSMonthey
14%
5,497TIAscona
13%
14,870TIMendrisio
13%
10,040VDPayerne
13%
9,438SGRorschach
13%
3,505SHStein am Rhein
13%
10,195LUSursee
13%
5,763VDVilleneuve
13%
5,705SGWalenstadt
13%
11,229AGBrugg
12%
10,822AGLenzburg
12%
13,503AGRheinfelden
12%
4,556VSSaint-Maurice
12%
11,877SGAltstätten
11%
6,092TIBiasca
11%
10,348VDLutry
11%
6,249VDRolle
11%
4,208LUSempach
11%
3,278GRThusis
11%
4,632BEAarberg
10%
8,376AGAarburg
10%
3,271VDAubonne
10%
4,295VDAvenches
10%
9,762FREstavayer-le-Lac
10%
5,385ZHGreifensee
10%
8,883SZLachen
10%
5,643BLLaufen
10%
7,385BEMoutier
10%
6,489SGUznach
10%
11,861AGZofingen
10%
8,211AGBremgarten
9%
3,239VDCoppet
9%
5,339ZHEglisau
9%
3,341VDGrandson
9%
4,757GRIlanz/Glion
9%
11,884VDLa Tour-de-Peilz
9%
3,932VSLeuk
9%
6,872BENidau
9%
7,018VDOrbe
9%
7,811LUWillisau
9%
4,365AGBad Zurzach
8%
7,216FRChâtel-St-Denis
8%
8,837VSConthey
8%
5,726VDEchallens
8%
1,388BEErlach
8%
1,047GEHermance
8%
3,756BELa Neuveville
8%
6,067VDMoudon
8%
5,366FRRomont
8%
5,766VDSaint-Prex
8%
5,852BEUnterseen
8%
2,321BEWangen an der Aare
8%
4,403TIAgno
7%
6,624LUBeromünster
7%
5,982TGBischofszell
7%
3,584BEBüren an der Aare
7%
1,785VDCully
7%
5,004BEHuttwil
7%
3,680AGLaufenburg
7%
4,607NELe Landeron
7%
6,695TILosone
7%
3,006GRMaienfeld
7%
3,172VSOrsières
7%
1,316ZHRheinau
7%
1,263JUSaint-Ursanne
7%
378GRSplügen
7%
3,746TGSteckborn
7%
6,237NEBoudry
6%
200VSBourg-Saint-Pierre
6%
1,733VDCudrefin
6%
4,042TGDiessenhofen
6%
4,942ZHElgg
6%
3,641ZHGrüningen
6%
415AGKaiserstuhl
6%
3,630FRLa Tour-de-Trême
6%
3,168BELaupen
6%
1,896SGLichtensteig
6%
5,772AGMellingen
6%
715TIMorcote
6%
2,326SHNeunkirch
6%
469ZHRegensberg
6%
533VDRomainmôtier
6%
2,687VSSaillon
6%
1,031VSSembrancher
6%
1,103BLWaldenburg
6%
4,044VDCossonay
5%
4,666TIGordola
5%
3,536AGKlingnau
5%
2,646VDLa Sarraz
5%
3,398SGRheineck
5%
2,654TIRiva San Vitale
5%
2,378BEWiedlisbach
5%
858TICroglio
4%
357GRFürstenau
4%
952VDGrandcour
4%
185VDLes Clées
4%
1,524FRRue
4%
507NEValangin
4%
90SGWerdenberg
4%
1,179TISala Capriasca
3%

Score Distribution

Percentile by Number Answered

Percent of People with Each Score

Your Score History

You have not taken this quiz